| 000 | 00499nam a2200205Ia 4500 | ||
|---|---|---|---|
| 005 | 20250425161833.0 | ||
| 008 | 250425s9999 xx 000 0 und d | ||
| 041 | _aspa | ||
| 082 | _a341.2 | ||
| 100 | _aLECARO BUSTAMANTE, ARTURO | ||
| 245 | 0 | _aPOLITICA INTERNACIONAL DEL ECUADOR 1809 - 1984 | |
| 250 | _a1A ED. | ||
| 260 |
_aEcuador _bUNIVERSITARIA _c1984 |
||
| 260 | _aS.L. | ||
| 300 | _a548 | ||
| 650 | _aECUADOR | ||
| 650 | _aPOLITICA INTERNACIONAL | ||
| 942 | _c01 | ||
| 010 | _a31872 | ||
| 999 |
_c217139 _d217139 |
||